The emerging dalit identity : (Record no. 123572)

MARC details
000 -LEADER
fixed length control field 00828nam a22002537a 4500
003 - CONTROL NUMBER IDENTIFIER
control field dpl
005 - DATE AND TIME OF LATEST TRANSACTION
control field 20180809133012.0
008 - FIXED-LENGTH DATA ELEMENTS--GENERAL INFORMATION
fixed length control field 180809b xxu||||| |||| 00| 0 eng d
010 ## - LIBRARY OF CONGRESS CONTROL NUMBER
LC control number A-869511
020 ## - INTERNATIONAL STANDARD BOOK NUMBER
Terms of availability 300.00
035 ## - SYSTEM CONTROL NUMBER
System control number A-869511, A-869521
037 ## - SOURCE OF ACQUISITION
Source of stock number/acquisition Cen Lib/Ret
040 ## - CATALOGING SOURCE
Original cataloging agency DPL
Language of cataloging EN
Transcribing agency 0
082 ## - DEWEY DECIMAL CLASSIFICATION NUMBER
Classification number 305.56
Item number EME
245 ## - TITLE STATEMENT
Title The emerging dalit identity :
Statement of responsibility, etc edited by Walter Fernandes
Remainder of title the re-assertion of the subal terns /
260 ## - PUBLICATION, DISTRIBUTION, ETC. (IMPRINT)
Place of publication, distribution, etc New Delhi
Name of publisher, distributor, etc Indian Social Institute
Date of publication, distribution, etc 1996
270 ## - ADDRESS
Address 10, Institutional Area, Lodi Road
City New Delhi
Postal code 110003
300 ## - PHYSICAL DESCRIPTION
Extent vi,280p.
Dimensions 21cm(Hb)
500 ## - GENERAL NOTE
General note Includes bibliographical references and index
650 ## - SUBJECT ADDED ENTRY--TOPICAL TERM
Topical term or geographic name as entry element Dalits
Geographic subdivision India
9 (RLIN) 72264
650 ## - SUBJECT ADDED ENTRY--TOPICAL TERM
Topical term or geographic name as entry element Caste
Geographic subdivision India
9 (RLIN) 6946
700 ## - ADDED ENTRY--PERSONAL NAME
Personal name Fernandes, Walter
9 (RLIN) 6949
942 ## - ADDED ENTRY ELEMENTS (KOHA)
Source of classification or shelving scheme Dewey Decimal Classification
Koha item type English Books
Classification part 305.56
Call number suffix EME
Holdings
Withdrawn status Lost status Damaged status Not for loan Home library Current library Date acquired Source of acquisition Cost, normal purchase price Total Checkouts Full call number Barcode Date last seen Copy number Cost, replacement price Price effective from Koha item type Source of classification or shelving scheme Collection code
        Central Library Central Library 08/06/2015 Cen Lib/Ret 300.00   305.56 EMR A-869511 08/06/2015 1 300.00 08/06/2015 English Books    
        Shahdara Branch Shahdara Branch 09/08/2018 BPPD/PUB 300.00   305.56 EME A-869521 09/08/2018   300.00 09/08/2018 English Books Dewey Decimal Classification Non-fiction

© Delhi Public Library
Hit Counter
free hit counter